Les stations de tramway de Lille - Statistiques

Statistiques générales
  • Ce quiz a été pris 137 fois
  • Le résultat moyen est 22 sur 45
Statistiques - réponses
Ligne Stations % Correct
T Gare Lille Flandres
90%
R Gare Lille Flandres
90%
T Gare Lille Europe
89%
R Gare Lille Europe
89%
T Saint Maur
73%
R Saint Maur
73%
T Croisé Laroche
72%
R Croisé Laroche
72%
T Tourcoing Centre
72%
T Romarin
70%
R Romarin
70%
T Buisson
66%
R Buisson
66%
T Botanique
61%
R Botanique
61%
R Roubaix Eurotéléport
61%
T Clemenceau Hippodrome
55%
R Clemenceau Hippodrome
55%
T Brossolette
54%
R Brossolette
54%
R Wasquehal Pavé de Lille
52%
T Château Rouge
49%
T Foch
48%
R Acacias
43%
T Trois Suisses
43%
T Pont Hydraulique
41%
T Victoire
40%
T Ma Campagne
39%
T Le Quesne
38%
R Parc Barbieux
37%
T Triez
37%
T Faidherbe
34%
T Cerisaie Centre d'Affaires
33%
T Cartelot
30%
R Alfred Mongy
27%
R Bol d'Air
27%
R Villa Cavrois
26%
R Hôpital Victor Provo
24%
R La Terrasse
24%
R Le Sart
24%
R Jean Moulin
21%
R Planche Epinoy
18%
R La Marque
16%
R Pont de Wasquehal
16%
T Grand Cottignies
15%
Aucun quiz correspondant
Distribution des résultats
% des personnes avec chaque résultat
Percentile par nombre de réponses
Votre historique - résultats
Vous n’avez pas pris ce quiz